Nový zákon o zemědělském družstevnictví.
Informácia o novom zákone o bytovom, spotrebnom, výrobnom a inom družstevníctve č. 176/90 Zb. Celkové poňatie zákona a zmeny oproti predchádzajúcej úprave. Stanovy družstva a orgány družstva. Záujmové organizácie a družstevné podniky. Vzťah družstva a štátu.
Enregistré dans:
| Auteur principal: | |
|---|---|
| Format: | Chapitre de livre |
| Langue: | tchèque |
| Sujets: | |
| Tags: |
Pas de tags, Soyez le premier à ajouter un tag!
|
MARC
| LEADER | 00000naa a2200000 4500 | ||
|---|---|---|---|
| 001 | r002256 | ||
| 005 | 20220819175539.3 | ||
| 041 | 0 | |a cze | |
| 044 | |a [CS] | ||
| 245 | 1 | 0 | |a Nový zákon o zemědělském družstevnictví. |c J. Čáp |
| 520 | |a Informácia o novom zákone o bytovom, spotrebnom, výrobnom a inom družstevníctve č. 176/90 Zb. Celkové poňatie zákona a zmeny oproti predchádzajúcej úprave. Stanovy družstva a orgány družstva. Záujmové organizácie a družstevné podniky. Vzťah družstva a štátu. | ||
| 610 | 2 | 0 | |a družstvá poľnohospodárske |
| 610 | 2 | 0 | |a družstevníctvo |
| 610 | 2 | 0 | |a zákony |
| 610 | 2 | 0 | |a ČSFR |
| 610 | 2 | 0 | |a družstvá bytové |
| 610 | 2 | 0 | |a družstvá spotrebné |
| 610 | 2 | 0 | |a družstvá výrobné |
| 610 | 2 | 0 | |a stanovy |
| 610 | 2 | 0 | |a štát-podnik |
| 100 | 1 | |a Čáp, J. | |